LEADER 00679nam a2200193 i 4500 001 000000254444 003 CaOOAMICUS 005 20170606000000.0 008 170606s1836 xx u000 u fre u 013 $a233349 040 $aSeMil$bita 245 10$aTome 5. 300 $aXXVIII, 362 p. 773 0 $aCapefigue, Jean Baptiste Honoré Raymond <1801-1872>$tRichelieu, Mazarin, la fronde et le règne de Louis 14..$dBruxelles : Hauman & C., 1835-1836.$g5$w()33743 850 $aSeMil 852 $aSeMil$W1$xVenegono$y1$m3V I 207 FA$j204790$B204790$CSeMilBibl$Z2$F218322 $8I 941 1 $a10 961 $aRecupero: Mantegazza 996 $6245$aTome 5$9(OLS)http://semarc/title/1596 LEADER 00687nas a2200157 i 4500 001 000000024346 003 CaOOAMICUS 005 20180830125446.0 008 180830n it u0 ita u 040 $aSeMil$bita 245 10$aPubblicazioni della Facoltà di scienze politiche. Serie giuridica /$cUniversità degli Studi di Genova. 260 $aMilano :$bGiuffrè,$c[1980?] 300 $av. ;$c26 cm. 700 1 $aUniversità degli Studi : Facoltà di Scienze Politiche.$0(OLS)http://semarc/name/10773 996 $6245$aPubblicazioni della Facoltà di scienze politiche. Serie giuridica$9(OLS)http://semarc/title/32700 996 $6260$aMilano :$bGiuffrè$9(OLS)http://semarc/publisher/29926